00538 2200205 4500001002100000005001700021008004100038035002400079082001000103090001700113100001300130245005300143250001000196260003900206300002100245650001200266852001200278990002100290990002100311YOGYA-0411000000182120110421081908.0 ind  0010-041100000001821 a371.1 a371.1bFry B aFry, Ron aBelajar lebih cerdas, bukan lebih kerascRon Fry aEd. 2 aJakartabBhuana Ilmu Populerc2008 a251 hlm.c21 cm. aBelajar aYOPDYOG a45194-PD/B.08b1 a45193-PD/B.08b1